Quick Pick: Red in the Flag Quiz Stats

 Plays Quiz Updated Apr 13, 2018

Score 0/16 Timer 01:30
1 Play Today
% Correct
Denmark
85.5%
Australia
85.5%
South Korea
85.3%
Costa Rica
80.2%
France
80%
Monaco
79.1%
Canada
76.2%
Iceland
75.4%
% Correct
Czechia
74.4%
Vietnam
73.1%
Malta
72.4%
Andorra
68.8%
Paraguay
67.1%
Papua New Guinea
64.1%
Seychelles
57.5%
Tonga
55.8%

Today's Daily Dose

You're not logged in!

Compare scores with friends on all Sporcle quizzes.
OR
Log In

You Might Also Like...

Show Comments

Extras

Top Quizzes Today


Score Distribution

Your Account Isn't Verified!

In order to create a playlist on Sporcle, you need to verify the email address you used during registration. Go to your Sporcle Settings to finish the process.

Report this User

Report this user for behavior that violates our Community Guidelines.

Details: